000 00468nam a2200181Ia 4500
005 20250423100743.0
008 250422s9999 xx 000 0 und d
020 _a9789351115137
050 _aPN 1991.5 .M34/
100 _aMahajan, Sonia
245 0 _aRadio and television communication.
260 _aNew delhi
260 _bRamdom Publications
260 _c2015
300 _a283 p
650 _aRadio broadcasting. Television broadcasting.
942 _cBK
999 _c34244
_d34244